Monarchies actuelles - Statistiques

Statistiques générales
  • Ce quiz a été pris 383 fois
  • Le résultat moyen est 23 sur 29
Statistiques - réponses
Continent Pays % Correct
Europe Royaume-Uni
96%
Europe Espagne
95%
Europe Suède
94%
Europe Belgique
91%
Europe Danemark
90%
Europe Norvège
90%
Asie Arabie saoudite
87%
Europe Monaco
87%
Europe Luxembourg
85%
Europe Pays-Bas
85%
Asie Japon
84%
Afrique Maroc
84%
Europe Liechtenstein
79%
Asie Thaïlande
79%
Asie Émirats arabes unis
78%
Asie Qatar
78%
Europe Vatican
77%
Asie Oman
76%
Asie Koweït
72%
Asie Bahreïn
70%
Asie Brunei
70%
Asie Bhoutan
69%
Asie Jordanie
67%
Asie Malaisie
65%
Asie Cambodge
64%
Océanie Tonga
62%
Afrique Eswatini
61%
Afrique Lesotho
59%
Océanie Samoa
59%
Aucun quiz correspondant
Distribution des résultats
% des personnes avec chaque résultat
Percentile par nombre de réponses
Votre historique - résultats
Vous n’avez pas pris ce quiz